000 00639nam a2200205 a 4500
999 _c3611
_d3611
001 3611
003 BD-JhCC
005 20171115165832.0
008 171115s1965 bg a|||| |||| 000 0 ben d
035 _a(BD-JhCC)
040 _aBD-JhCC
_dBD-JhCC
041 _aben
082 _a923.1
_bHOS 1965
100 _aহোসেন, কাজী আবুল
245 _aছোটদের আল্লামা ইকবাল /
_cকাজী আবুল হোসেন
260 _aঢাকা :
_bআহমদ পাবলিশিং হাউস,
_c১৯৬৫
300 _a37 p. ;
_c14 cm
650 _aBiography
942 _2ddc
_cBK